Vocab Theme - Statistiques

Statistiques générales
  • Ce quiz a été pris 4 fois
  • Le résultat moyen est 5 sur 111
Statistiques - réponses
Hint Réponse % Correct
verser pour
67%
libraire bookseller
33%
brasserie brewery
33%
étui case
33%
comptoir counter
33%
cubain cuban
33%
délimité defined / delimited / bounded
33%
maitre du chien dog's owner
33%
drama drama
33%
tiroir drawer
33%
enveloppe envelope / letter
33%
de chair et de sang of flesh and blood
33%
point period
33%
les jurés the jury
33%
une voix enrouée a hoarse voice
0%
un camé a junkie
0%
assassin présumé alleged murderer
0%
atmosphere ambient
0%
ancêtre ancestor
0%
angoisse anxiety
0%
un mobile a reason
0%
s'armer arm themselves
0%
à part aside
0%
plaidoirie a speech for the defense
0%
aux écoutes at tapping
0%
flouer cheat
0%
coincider coincide
0%
rondement mené conducted smoothly
0%
connivences connivance
0%
outrage à agent contempt
0%
contresigné countersigned
0%
accouplement coupling
0%
cageot crate
0%
franchir les bornes cross the limits
0%
miettes crumb
0%
manie avec dextérité deftly handles
0%
déprécié depreciated
0%
roman policier detective novel
0%
dicter dictate
0%
désamorcer le dispositif disarm the device
0%
décontenancé disconcerted
0%
se départir dispose / get rid of
0%
narcotrafiquants drug dealers
0%
etrusque etruscan
0%
faire face face
0%
mortellement fatally
0%
crasseux filthy
0%
constats et rapports findings and reports
0%
redoutable formidable
0%
glaner glean
0%
saluer greeted
0%
menotté handcuffed
0%
méfaits harm
0%
pesamment heavily
0%
il s e venge he takes revenge
0%
mâitre his lawyer
0%
à ses yeux in his eyes
0%
gestion des stocks inventory management
0%
juge d'instruction investigating judge
0%
ça vous a défrisé it made you feel better
0%
rallier join
0%
va-tout last card
0%
délinquant lawbreaker
0%
coupe papier letter opener
0%
levait son store lifted its awning
0%
la chaux lime
0%
précher pour lui looking out for himself
0%
plomber son portable make his phone crash
0%
plaque en marbre marble plaque
0%
correspondant matching
0%
marginaux misfits
0%
fautes mispellings
0%
mes supérieurs my superiors
0%
carnet notebook
0%
un individu one individual
0%
opulente et bourgeoise opulent and bourgeois
0%
par excellence par excellence
0%
en abondance plenty of / abundantly
0%
lan précaution precaution
0%
prolifique prolific
0%
m'intimant prompting me
0%
rôdeur prowler
0%
l'ordre public public order
0%
rite rite
0%
balayage méthodique scanning method
0%
sonder les ténèbres search / fathom the darkness
0%
effacée shy
0%
soi-disant so called
0%
correcteur orthographique spell checker
0%
régner la terreur spread terror
0%
maculé de sang stained with blood
0%
son statut status
0%
éberlués stunned
0%
poursuivre suing
0%
terrain terrain
0%
ces derniers the latter
0%
les plus avisés the most discerning
0%
la moindre alerte the slightest alert
0%
pensif thoughtful
0%
s'acharner contre qqn to harass
0%
en profita pour took the opportunity to
0%
traces traces
0%
émission-réception transceiver
0%
tourner les talons turned his heels
0%
tenir un language use
0%
divers various
0%
volume (de livres) volume
0%
engin de guerre war machine
0%
remonter went up
0%
accomplissant des prodiges de when he performs prodigies of
0%
au sein de within
0%
Aucun quiz correspondant
Distribution des résultats
% des personnes avec chaque résultat
Percentile par nombre de réponses
Votre historique - résultats
Vous n’avez pas pris ce quiz